000 01092nam0a22002771 4500
001 rc\285267
005 20030307120921.8
010 _a5-524-00083-Х
_93000
035 _a(NLR Aleph) 005515234
090 _a5449646
_c5449646
100 _a20030307d1990 u |0rusy50 ca
101 0 _arus
102 _aRU
105 _ay |||||||||
200 1 _aПриродные катастрофы в истории Земли
210 _aМ.
_cО-во "Знание" РСФСР
_d1990
215 _a45, [3] с.
_d20
225 1 _aВ помощь лектору
_fО-во "Знание" РСФСР. Секция пропаганды наук о Земле, охраны окружающей среды и рационал. природопользования
320 _aБиблиогр.: с. 47
700 1 _aАстафьева-Урбайтис
_bК. А.
_gКира Александровна
701 1 _aЯсаманов
_bН. А.
_gНиколай Александрович
801 0 _aRU
_bNLR
_gpsbo
801 1 _aRU
_bELAR
_2rusmarc
852 _aNLR
_j90-4/6339
942 _cBOOK
980 _aNB